Sports Quiz

Random Sports or NFL Quiz

Patriots QBs Quiz Stats

 Plays Quiz not verified by Sporcle

Score 0/48 Timer 05:00
0 Plays Today
Years with Patriots Quarterback % Correct
2000-present (starter: 2001-2007, 2009-present)Tom Brady
99.6%
1993-2001 (starter: 1993-2000)Drew Bledsoe
93.2%
2005-08 (starter: 2008)Matt Cassel
84.9%
1975-90 (starter: 1975-80, 1982-83, 1987, 1989)Steve Grogan
82.8%
1983-89 (starter: 1984-86)Tony Eason
76%
1987-89, 2005 (starter: 1988)Doug Flutie
71%
1971-75 (starter: 1971-74)Jim Plunkett
67.4%
1992-98Scott Zolak
61.3%
2009-presentBrian Hoyer
61.3%
1961-67 (starter)Babe Parilli
53.8%
2006Vinny Testaverde
51.6%
1991-92 (starter)Hugh Millen
49.8%
2000Michael Bishop
42.3%
2002-03Damon Huard
39.4%
1989-90 (starter: 1990)Marc Wilson
37.3%
2002-04Rohan Davey
37.3%
1965Eddie Wilson
36.6%
1990-92Tom Hodson
33%
1979-82 (starter: 1981)Matt Cavanaugh
32.6%
1993Scott Secules
29.4%
2008Kevin O'Connell
27.6%
1996-98Tom Tupa
25.1%
1986-88Tom Ramsey
23.3%
1970 (starter)Joe Kapp
22.9%
Years with Patriots Quarterback % Correct
1999-2000John Friesz
22.9%
2007Matt Gutierrez
20.4%
1960-61 (starter: 1960)Butch Songin
19.4%
1968-70 (starter: 1968-69)Mike Taliaferro
18.3%
1976, 1978-79, 1981Tom Owen
16.8%
1961-66Tom Yewcic
15.4%
1992Jeff Carlson
15.1%
1987Bob Bleier
14.7%
1996Ray Lucas
14.7%
1960Harvey White
14.3%
1982Tom Flick
14.3%
1974-75Neil Graff
12.5%
1972-73Brian Dowling
11.8%
1983-84Mike Kerrigan
11.1%
1966-67John Huarte
10%
1962Don Allard
9.7%
1960Tom Dimitroff
9%
1987Todd Whitten
8.6%
1968-69Tom Sherman
8.2%
1960Tom Greene
7.9%
1969Kim Hammond
7.9%
1968King Corcoran
7.5%
1973, 1974Dick Shiner
7.5%
1967Don Trull
5.7%

You're not logged in!

Compare scores with friends on all Sporcle quizzes.
OR
Log In

Sporcle TV

Today on Sporcle TV


Watch our educational content, quiz creation guides, and fun videos on Sporcle TV.

Show Comments

Extras

Top Quizzes Today


Score Distribution

Your Account Isn't Verified!

In order to create a playlist on Sporcle, you need to verify the email address you used during registration. Go to your Sporcle Settings to finish the process.

Report this User

Report this user for behavior that violates our Community Guidelines.

Details: